Open Data Biblioteca Nacional de Portugal


República Portuguesa: Ministério da Cultura
Biblioteca Nacional de Portugal

Catálogo da BNP: acesso por Identificadores Unívocos
Registos Bibliográficos associados ao registo de autoridade

Etiqueta de registo: 00949cas 2200277 450
001 988553
003 http://id.bnportugal.gov.pt/bib/catbnp/988553
005 19990627000000.0
095 ## $aPTBN01000799
100 ## $a19980627b19141914m y0pory0103 ba
101 0# $apor
102 ## $aPT
106 ## $ar
110 ## $aafaza..0yy0
200 0# $aAcção catholica$erevista de obras religiosas e sociaes$fed. e propr. Fernando Paes de Figueiredo$gdir. Manuel Mendes do Carmo
207 #0 $aA. 1, n. 1 (Jan. 1914)-a. 1, n. 2 (Fev. 1914)
210 #9 $aGuarda$cF.P. de Figueiredo,$d1914
215 ## $d21 cm
326 ## $aPublica-se no dia 1 de cada mês
500 11 $aAcção católica
620 ## $dGuarda
675 ## $a256(469.311)(05)$vBN$zpor$3889351
702 #1 $aCarmo,$bManuel Mendes do,$f1883-1966$4300$3710689
702 #1 $aFigueiredo,$bFernando Pais de,$f1882-1947$4650$3889352
801 #0 $aPT$bBN$gRPC
930 ## $lBN$mBG$dJ. 5685//4 B.$jA. 1, n. 1 (Jan. 1914)-a. 1, n. 2 (Fev. 1914)
966 ## $dA. 1$en. 1$lBN$mFGJOR$sJ. 5685//4 B.

Etiqueta de registo: 00563cam 22001931 450
001 740527
003 http://id.bnportugal.gov.pt/bib/catbnp/740527
005 20000218113700.0
095 ## $aPTBN00527776
100 ## $a19940104d1945 m y0pory0103 ba
101 0# $apor
102 ## $aPT
200 1# $aBrilhante milagre em Fátima$ehistória e crítica$fManuel Mendes do Carmo
210 #9 $a[S.l.$cs.n.],$d1945$eLisboa :$gUnião Gráfica)
215 ## $a148 p.$cil.$d20 cm
700 #1 $aCarmo,$bManuel Mendes do,$f1883-1966$3710689
801 #0 $aPT$bBN$gRPC
966 ## $lBN$mFGMON$sR. 30646 P.
966 ## $lBN$mFGMON$sR. 30647 P.
998 ## $aCR629-252

Etiqueta de registo: 00584cam 22002171 450
001 739198
003 http://id.bnportugal.gov.pt/bib/catbnp/739198
005 19990108000000.0
095 ## $aPTBN00526444
100 ## $a19931218d1944 km y0pory0103 ba
101 0# $apor
102 ## $aPT
200 1# $aPorque jurei crer em Deus$fMendes do Carmo
205 ## $a2ª ed
210 #9 $a[S.l.$cs.n.],$d1944$eLisboa :$gTip. Uniäo Gráfica)
215 ## $a170, [3] p.$d20 cm
700 #1 $aCarmo,$bManuel Mendes do,$f1883-1966$3710689
801 #0 $aPT$bBN$gRPC
966 ## $lBN$mFGMON$sR. 30565 P.
966 ## $lBN$mFGMON$sR. 30566 P.
997 ## $aBIBEOD
998 ## $aCB044-312

Etiqueta de registo: 00521cam 22001931 450
001 717119
003 http://id.bnportugal.gov.pt/bib/catbnp/717119
005 19990108000000.0
095 ## $aPTBN00504207
100 ## $a19931014d1938 km y0pory0103 ba
101 0# $apor
102 ## $aPT
200 1# $aPorque jurei crer em Deus$fMendes do Carmo
210 #9 $a[S.l.$cs.n.],$dimp. 1938$eLisboa :$gTip. da Uniäo Gráfica)
215 ## $a168 p.$d19 cm
700 #1 $aCarmo,$bManuel Mendes do,$f1883-1966$3710689
801 #0 $aPT$bBN$gRPC
966 ## $lBN$mFGMON$sR. 28518 P.
966 ## $lBN$mFGMON$sR. 28519 P.
997 ## $aBIBEOD
998 ## $aCB033-168

Etiqueta de registo: 00763cam 22002411 450
001 844536
003 http://id.bnportugal.gov.pt/bib/catbnp/844536
005 20021023125300.0
095 ## $aPTBN00498714
100 ## $a19931007d1936 km y0pory0103 ba
101 1# $apor
102 ## $aPT
200 1# $a O castelo interior ou as moradas$fSanta Teresa de Jesus$gtrad. Júlio de Morais$gpref. Mons. Mendes Carmo
210 #9 $a[Lisboa$cs.n.],$d1936$eLisboa :$gUniäo Gráfica)
215 ## $a270 p., [1] f.$d19 cm
675 ## $a272-285$vBN$zpor$31282905
675 ## $a821.134.2-97"15"$vBN$zpor$31011705
700 #0 $aTeresa de Jesús,$cSanta,$f1515-1582,$cO.C.D.$352199
702 #1 $aMorais,$bJúlio$4730$3176534
702 #1 $aCarmo,$bManuel Mendes do,$f1883-1966$4080$3710689
801 #0 $aPT$bBN$gRPC
966 ## $lBN$mFGMON$sR. 25826 P.
966 ## $lBN$mFGMON$sR. 29731 P.$x0
998 ## $aCR614-487

Etiqueta de registo: 00730cam 022002411 04500
001 875662
003 http://id.bnportugal.gov.pt/bib/catbnp/875662
005 19990128000000.0
095 ## $aPTBN00633042
100 ## $a19911014d1927 m y0pory0103 ba
101 0# $apor
102 ## $aPT
200 1# $a A paixão de uma religiosa
205 ## $a2ª ed
210 #9 $aLisboa$cUniäo Gráfica Ldª.,$d1927
215 ## $a206 p.$d13 cm.
675 ## $a869.0-31 Montemor, N. de$vBN$zpor$3786229
700 #1 $aMontemor,$bNuno de,$cpseud.$398174
702 #1 $aCabral,$bLuís Gonzaga,$f1866-1939,$cS.J.$3155623
702 #1 $aCarmo,$bManuel Mendes do,$f1883-1966$3710689
801 #0 $aPT$bBN$gRPC
966 ## $lBN$mFGMON$sL. 29330 P.
997 ## $aBIBEOD
998 ## $aUCB36-893

Etiqueta de registo: 00575nam 22001691i 450
001 1269123
003 http://id.bnportugal.gov.pt/bib/catbnp/1269123
100 ## $a20020801d1948 m y0pory0103 ba
101 1# $apor$cspa
102 ## $aPT
200 1# $a O Castelo interior ou As Moradas$fpor Santa Teresa de Jesus$gTraduzido do Castelhano Por Júlio de Morais$gPrefácio de Mons. Mendes do Carmo
205 ## $aSegunda edição
210 #9 $a[S.l.$cs.n.],$d1948$eLisboa:$gUnião Gráfica)
215 ## $a275 p.$d18 cm
675 ## $a272-285$vBN$zpor$31282905
675 ## $a821.134.2-97"15"$vBN$zpor$31011705
700 #0 $aTeresa de Jesús,$cSanta,$f1515-1582,$cO.C.D.$352199
702 #1 $aMorais,$bJúlio$4730$3176534
702 #1 $aCarmo,$bManuel Mendes do,$f1883-1966$4080$3710689
801 #0 $aPT$bBN
801 #1 $aFR$bJOUVE
966 ## $lBN$mFGMON$sR. 30960 P.$x0

Etiqueta de registo: 00254nam 2200025 450
001 2288424
003 http://id.bnportugal.gov.pt/bib/catbnp/2288424
100 ## $a20260619d1919 m y0pory01030103ba
101 0# $apor
102 ## $aPT
105 ## $ay z 000yy
106 ## $ar
200 1# $aRegulamento da vida piedosa$fDr. Manuel Mendes do Carmo
210 #9 $aGuarda$cEmpresa Veritas,$d1919
215 ## $a24 p.$d17 cm
700 #1 $aCarmo,$bManuel Mendes do,$f1883-1966$3710689
801 #0 $aPT$bBN$gRPC
966 ## $lBN$mFGMON$sR. 1913//10 P.
971 ## $cpmesqui$d20260619
997 ## $aBIBEOD

OpendataBNP@bnportugal.pt | Mais informação sobre acesso aos dados BNP